000 00499 a2200205 4500
001 sjds
003 sjds
005 20240423151020.0
008 240423b |||||||| |||| 00| 0 spa d
020 _a9788499511511
020 _a8499511511
040 _csjds
041 _aspa
100 1 _aTrimble, Irene
245 _aCars 2:
_bla novela /
_cDisney, Pixar ; adaptada por Irene Trimble
260 _aMadrid :
_bLibros Disney D.L.,
_c 2011
300 _c19 cm
710 _aDisney
942 _cBK
999 _c1047
_d1047